ბათუმის შოთა რუსთაველის სახელმწიფო უნივერსიტეტის ბიბლიოთეკა

საფოდან კასიამდე: ძველი სამყაროს პოეტი ქალები (ბიბ.ჩანაწერი № 56093)

000 -LEADER
fixed length control field 00927nam a2200205Ia 4500
001 - CONTROL NUMBER
control field 23194
003 - CONTROL NUMBER IDENTIFIER
control field GE_BSU
008 - FIXED-LENGTH DATA ELEMENTS--GENERAL INFORMATION
fixed length control field 181216s||||||||xx |||||||||||||| ||und||
040 ## - CATALOGING SOURCE
Transcribing agency GE_BSU
080 ## - UNIVERSAL DECIMAL CLASSIFICATION NUMBER
Universal Decimal Classification number 821.14'01-1
245 ## - TITLE STATEMENT
Title საფოდან კასიამდე: ძველი სამყაროს პოეტი ქალები
245 ## - TITLE STATEMENT
Statement of responsibility, etc. ბერძ. და ლათ. ენებიდან თარგმნა, შესავალი და კომენტ. დაურთო ნანა ტონიამ ; რედ.: ცირა ინწკირველი
260 ## - PUBLICATION, DISTRIBUTION, ETC.
Place of publication, distribution, etc. თბილისი
260 ## - PUBLICATION, DISTRIBUTION, ETC.
Name of publisher, distributor, etc. მერანი
260 ## - PUBLICATION, DISTRIBUTION, ETC.
Date of publication, distribution, etc. 1990
300 ## - PHYSICAL DESCRIPTION
Extent 206 გვ. : ილ. ; 20 სმ.
653 ## - INDEX TERM--UNCONTROLLED
Uncontrolled term საფოდან კასიამდე : ძველი სამყაროს პოეტი ქალები
942 ## - ADDED ENTRY ELEMENTS (KOHA)
Koha item type წიგნი
ეგზემპლარები
Withdrawn status Lost status Damaged status Not for loan Date acquired Barcode Date last seen Price effective from Koha item type Public note
        2018-12-17 00340 2018-12-17 2018-12-17 წიგნი ქსეროქსი
        2018-12-17 00341 2018-12-17 2018-12-17 წიგნი ქსეროქსი